Normal view
MARC view
- Donald R.Horner
Entry Personal Name
001 - CONTROL NUMBER
- control field: 103070
003 - CONTROL NUMBER IDENTIFIER
- control field: NUST
005 - DATE AND TIME OF LATEST TRANSACTION
- control field: 20221118131150.0
008 - FIXED-LENGTH DATA ELEMENTS
- fixed length control field: 221118|| aca||aabn | a|a d
040 ## - CATALOGING SOURCE
- Original cataloging agency: NUST
- Transcribing agency: NUST
100 ## - HEADING--PERSONAL NAME
- Personal name: Donald R.Horner
670 ## - SOURCE DATA FOUND
- Source citation: Work cat.: (NUST)180362: Donald R.Horner, Introductory Calculus /, 1972
